Images That Start with 'T' Quiz Stats

 Plays Quiz Updated Jan 11, 2019

Challenge
Share
Tweet
Score 0/20 Timer 04:00
14 Plays Today
% Correct
tiger tattoo
99.6%
tornado
98.3%
tulips
97.2%
trampoline
97%
tacos
96.1%
trumpet
95.5%
telescope
95%
Texas
94.7%
tiara
93.9%
tangerines
89.5%
% Correct
turnips
88.6%
tarantula
87.9%
tadpole
86%
toucan
81%
trowel
60.9%
toboggan
60.3%
turquoise
55.8%
tweed
50.8%
tapir
48.1%
timpani
46.1%

You're not logged in!

Compare scores with friends on all Sporcle quizzes.
OR
Log In

You Might Also Like...

Show Comments

Extras

Top Quizzes Today


Score Distribution

Your Account Isn't Verified!

In order to create a playlist on Sporcle, you need to verify the email address you used during registration. Go to your Sporcle Settings to finish the process.

Report this User

Report this user for behavior that violates our Community Guidelines.

Details: